Le Lycée de Rouen : (Record no. 18800)

MARC details
000 -LEADER
fixed length control field 00563cam a22002054a 4500
001 - CONTROL NUMBER
control field e 09000706
003 - CONTROL NUMBER IDENTIFIER
control field DLC
005 - DATE AND TIME OF LATEST TRANSACTION
control field 20260227111150.0
008 - FIXED-LENGTH DATA ELEMENTS--GENERAL INFORMATION
fixed length control field 990602s1892 fr af 000 0 fre
010 ## - LIBRARY OF CONGRESS CONTROL NUMBER
LC control number e 09000706
040 ## - CATALOGING SOURCE
Original cataloging agency DLC
Transcribing agency DLC
042 ## - AUTHENTICATION CODE
Authentication code pcc
043 ## - GEOGRAPHIC AREA CODE
Geographic area code e-fr---
050 00 - LIBRARY OF CONGRESS CALL NUMBER
Classification number LF2395.R69
Item number L93 1892
245 03 - TITLE STATEMENT
Title Le Lycée de Rouen :
Remainder of title texte /
Statement of responsibility, etc. par R. Aube [́... et al.]
260 ## - PUBLICATION, DISTRIBUTION, ETC.
Place of publication, distribution, etc. Rouen :
Name of publisher, distributor, etc. E. Augé et Ch. Borel,
Date of publication, distribution, etc. 1892.
300 ## - PHYSICAL DESCRIPTION
Extent 244 p. :
Other physical details ill. ;
Dimensions 22 cm.
610 20 - SUBJECT ADDED ENTRY--CORPORATE NAME
Corporate name or jurisdiction name as entry element Lycée Corneille (Rouen, France)
700 1# - ADDED ENTRY--PERSONAL NAME
Personal name Aube,́ Raoul.

No items available.

Powered by Koha